[Event "Budapest Vezerkepzo Pentecost IM1"]
[Site "Budapest"]
[Date "2023.05.25"]
[Round "8"]
[White "Varga, Zoltan"]
[Black "Bhillva Nilaya, KEK"]
[Result "1-0"]
[WhiteElo "2394"]
[BlackElo "1989"]
[PlyCount "87"]
[EventDate "2023.05.18"]
[EventType "tourn"]
[EventRounds "9"]
[EventCountry "HUN"]
[SourceTitle "CBM 214 Extra"]
[Source "ChessBase"]
[SourceDate "2023.07.31"]
[SourceVersion "1"]
[SourceVersionDate "2023.07.31"]
[SourceQuality "1"]

1. e4 e5 2. Nf3 Nc6 3. Bc4 Nf6 4. Ng5 d5 5. exd5 Na5 6. Bb5+ c6 7. dxc6 bxc6 8. Bd3 Nd5 9. Nf3 Bd6 10. 0-0 Nf4 11. Re1 Nxd3 12. cxd3 Bg4 13. b4 Nb7 14. Nxe5 Bxd1 15. Nxc6+ Be7 16. Nxd8 Rxd8 17. Rxd1 Bf6 18. Re1+ Kf8 19. Nc3 Rxd3 20. Rb1 Bxc3 21. dxc3 Rxc3 22. Bb2 Rc7 23. Rbc1 Rd7 24. Rc8+ Nd8 25. b5 f6 26. Bc3 Kf7 27. Kf1 Re8 28. Rxe8 Kxe8 29. Ba5 Ke7 30. Rxd8 Rxd8 31. Bxd8+ Kxd8 32. Ke2 Kc7 33. Kd3 Kb7 34. Kc4 Kb6 35. Kb4 h5 36. f4 g5 37. f5 h4 38. h3 Kb7 39. Kc5 Kc7 40. a4 Kd7 41. a5 Kc7 42. Kd5 Kd7 43. b6 axb6 44. axb6 1-0

[Event "Budapest Vezerkepzo Pentecost IM1"]
[Site "Budapest"]
[Date "2023.05.22"]
[Round "5"]
[White "Bhillva Nilaya, KEK"]
[Black "Takacs, Laszlo"]
[Result "0-1"]
[WhiteElo "1989"]
[BlackElo "2243"]
[PlyCount "94"]
[EventDate "2023.05.18"]
[EventType "tourn"]
[EventRounds "9"]
[EventCountry "HUN"]
[SourceTitle "CBM 214 Extra"]
[Source "ChessBase"]
[SourceDate "2023.07.31"]
[SourceVersion "1"]
[SourceVersionDate "2023.07.31"]
[SourceQuality "1"]

1. e4 g6 2. d4 Bg7 3. Nf3 d6 4. h3 a6 5. c3 Nf6 6. Bd3 0-0 7. 0-0 Nc6 8. d5 Nb8 9. c4 e5 10. Nc3 Nh5 11. Bg5 Qe8 12. Re1 h6 13. Bd2 f5 14. b4 fxe4 15. Bxe4 Qf7 16. c5 Bf5 17. cxd6 cxd6 18. Bc1 Nd7 19. Qd3 Rac8 20. Be3 Rxc3 21. Qxc3 Bxe4 22. Nd2 Bxd5 23. a4 Nf4 24. f3 Bc6 25. Ne4 d5 26. Nd6 Qe6 27. Bxf4 Rxf4 28. b5 Qxd6 29. bxc6 bxc6 30. Rac1 c5 31. Rcd1 e4 32. Qd2 Bd4+ 33. Kh1 exf3 34. g3 Rf7 35. g4 Qg3 36. Re8+ Kg7 37. Qh2 Qxh2+ 38. Kxh2 f2 39. Kg2 Nb6 40. Re6 Nc4 41. Rb1 Nd2 42. Rd1 c4 43. Rd6 c3 44. Rc6 Nc4 45. Rc1 c2 46. Rxa6 Ne3+ 47. Kh2 Be5+ 0-1

[Event "Budapest FS04 Nadassy"]
[Site "Budapest"]
[Date "2023.04.04"]
[Round "4"]
[White "Torok, Tamas Titusz"]
[Black "Bhillva Nilaya, KEK"]
[Result "0-1"]
[WhiteElo "1962"]
[BlackElo "1838"]
[PlyCount "62"]
[EventDate "2023.04.01"]
[EventType "schev"]
[EventRounds "12"]
[EventCountry "HUN"]
[SourceTitle "EXT 2024"]
[Source "ChessBase"]
[SourceDate "2023.10.10"]
[SourceVersion "1"]
[SourceVersionDate "2023.10.10"]
[SourceQuality "1"]
[WhiteTeam "Team Higher Elo	"]
[BlackTeam "Team Lower Elo"]
[WhiteTeamCountry "HUN"]
[BlackTeamCountry "HUN"]

1. e4 e5 2. d4 exd4 3. Qxd4 Nc6 4. Qe3 d6 5. Nc3 g6 6. f4 Bg7 7. Nf3 Nf6 8. Bd2 0-0 9. 0-0-0 Re8 10. Bb5 Bd7 11. Rhe1 a6 12. Bd3 b5 13. Qg1 b4 14. Nd5 a5 15. Kb1 Rb8 16. Bc1 a4 17. Nxf6+ Qxf6 18. e5 dxe5 19. fxe5 Nxe5 20. Nxe5 Rxe5 21. Qa7 Rbe8 22. Rxe5 Qxe5 23. Qb7 Qc5 24. Qf3 Be6 25. Bd2 a3 26. Qf4 axb2 27. Bxb4 Qd5 28. c4 Qxg2 29. Qxc7 Qf3 30. Kc2 Bf5 31. Qg3 b1Q+ 0-1

[Event "Budapest FS04 Nadassy"]
[Site "Budapest"]
[Date "2023.04.01"]
[Round "1"]
[White "Bhillva Nilaya, KEK"]
[Black "Farago, Sandor"]
[Result "0-1"]
[WhiteElo "1838"]
[BlackElo "2091"]
[PlyCount "102"]
[EventDate "2023.04.01"]
[EventType "schev"]
[EventRounds "12"]
[EventCountry "HUN"]
[SourceTitle "EXT 2024"]
[Source "ChessBase"]
[SourceDate "2023.10.10"]
[SourceVersion "1"]
[SourceVersionDate "2023.10.10"]
[SourceQuality "1"]
[WhiteTeam "Team Lower Elo"]
[BlackTeam "Team Higher Elo	"]
[WhiteTeamCountry "HUN"]
[BlackTeamCountry "HUN"]

1. e4 e5 2. Nf3 Nc6 3. Bc4 Nf6 4. d3 h6 5. c3 Be7 6. a4 0-0 7. Qe2 Re8 8. 0-0 a6 9. h3 Bf8 10. Nbd2 d5 11. Bb3 Be6 12. Re1 Bc5 13. Bc2 Ba7 14. Nf1 d4 15. Ng3 a5 16. Nh4 Ne7 17. Qf3 Ng6 18. Nhf5 c5 19. Bd2 Bb8 20. Ne2 Ra6 21. c4 Rc6 22. g4 Nh7 23. Qg3 Qc7 24. h4 Nf4 25. g5 hxg5 26. hxg5 g6 27. Nh6+ Kg7 28. Nxf4 exf4 29. Qh4 Qe5 30. Ng4 Qxg5 31. Qxg5 Nxg5 32. Nh2 b6 33. e5 Bf5 34. Kg2 Rxe5 35. Rxe5 Bxe5 36. Re1 f6 37. f3 Rc8 38. Ng4 Bxg4 39. fxg4 Rh8 40. Bd1 f3+ 41. Kg1 f2+ 42. Kxf2 Rh2+ 43. Kf1 Rxd2 44. b3 Rxd3 45. Bc2 Rd2 46. Re2 Rxe2 47. Kxe2 Nh3 48. Kf3 Nf4 49. Ke4 Kh6 50. Kf3 Kg5 51. Bb1 d3 0-1

[Event "Budapest FS03 Nadassy"]
[Site "Budapest"]
[Date "2023.03.14"]
[Round "9"]
[White "Farago, Sandor"]
[Black "Bhillva Nilaya, KEK"]
[Result "1-0"]
[WhiteElo "2106"]
[BlackElo "1773"]
[PlyCount "89"]
[EventDate "2023.03.04"]
[EventType "tourn"]
[EventRounds "9"]
[EventCountry "HUN"]
[SourceTitle "CBM 213 Extra"]
[Source "ChessBase"]
[SourceDate "2023.05.31"]
[SourceVersion "1"]
[SourceVersionDate "2023.05.31"]
[SourceQuality "1"]
[WhiteTeam "Team Higher Elo"]
[BlackTeam "Team Lower Elo"]
[WhiteTeamCountry "HUN"]
[BlackTeamCountry "HUN"]

1. c4 e5 2. Nc3 Nf6 3. Nf3 Nc6 4. g3 b6 5. Bg2 Rb8 6. 0-0 Bb7 7. d3 g6 8. Bg5 Bg7 9. Qc1 h6 10. Bd2 Kf8 11. Rb1 a5 12. a3 Kg8 13. b4 axb4 14. axb4 d6 15. e4 Kh7 16. Qd1 Rf8 17. Nh4 Nd4 18. Ne2 Nxe2+ 19. Qxe2 c6 20. f4 exf4 21. gxf4 Nxe4 22. Nxg6 fxg6 23. dxe4 Ra8 24. Qd3 Ra2 25. Rbd1 Qh4 26. Rf3 c5 27. bxc5 bxc5 28. Rg3 Bd4+ 29. Kh1 Qf6 30. Rf1 Rfa8 31. e5 Bxg2+ 32. Rxg2 Qe6 33. f5 Qxe5 34. fxg6+ Kg8 35. Qf3 Qg7 36. Bxh6 Qxh6 37. Qf7+ Kh8 38. Rxa2 Rxa2 39. Qe8+ Kg7 40. Rf7+ Kxg6 41. Qe6+ Kh5 42. Qh3+ Kg5 43. Qg3+ Kh5 44. Rf5+ Qg5 45. Qxg5# 1-0

[Event "Budapest FS03 Nadassy"]
[Site "Budapest"]
[Date "2023.03.05"]
[Round "2"]
[White "Bhillva Nilaya, KEK"]
[Black "Kahn, Evarth"]
[Result "0-1"]
[WhiteElo "1773"]
[BlackElo "2005"]
[PlyCount "86"]
[EventDate "2023.03.04"]
[EventType "tourn"]
[EventRounds "9"]
[EventCountry "HUN"]
[SourceTitle "CBM 213 Extra"]
[Source "ChessBase"]
[SourceDate "2023.05.31"]
[SourceVersion "1"]
[SourceVersionDate "2023.05.31"]
[SourceQuality "1"]
[WhiteTeam "Team Lower Elo"]
[BlackTeam "Team Higher Elo"]
[WhiteTeamCountry "HUN"]
[BlackTeamCountry "HUN"]

1. e4 g6 2. d4 Bg7 3. Nf3 c5 4. c3 cxd4 5. cxd4 d5 6. e5 Nc6 7. Nc3 Bg4 8. Be2 Bxf3 9. Bxf3 e6 10. b3 Qa5 11. Bb2 Qb4 12. 0-0 Nxd4 13. Bxd5 Bxe5 14. f4 Bg7 15. a3 Qe7 16. Bc4 Rd8 17. Qc1 Nh6 18. a4 Qc5 19. Kh1 Qh5 20. Ba3 Ng4 21. h3 Qh4 22. Bb5+ Nxb5 23. Nxb5 Nf2+ 24. Kg1 Nxh3+ 25. gxh3 Qg3+ 26. Kh1 Qxh3+ 27. Kg1 f5 28. Qe1 Kf7 29. Rc1 Rhe8 30. Rf2 Rd3 31. Rh2 Qg4+ 32. Rg2 Qxf4 33. Rc7+ Kg8 34. Rc8 Bd4+ 35. Nxd4 Qxd4+ 36. Kh2 Qd7 37. Rxe8+ Qxe8 38. Bb2 Qe7 39. Re2 Qg5 40. Rg2 Qh5+ 41. Kg1 Rd1 42. Qxd1 Qxd1+ 43. Kh2 Qxb3 0-1

[Event "Belgrade Radnicki Schev"]
[Site "Belgrade"]
[Date "2023.01.28"]
[Round "4.3"]
[White "Bhillva Nilaya, KEK"]
[Black "Budimir, Dragan"]
[Result "0-1"]
[WhiteElo "1659"]
[BlackElo "1927"]
[PlyCount "144"]
[EventDate "2023.01.25"]
[EventType "schev"]
[EventRounds "6"]
[EventCountry "SRB"]
[SourceTitle "CBM 212 Extra"]
[Source "ChessBase"]
[SourceDate "2023.03.31"]
[SourceVersion "1"]
[SourceVersionDate "2023.03.31"]
[SourceQuality "1"]
[WhiteTeam "Team B"]
[BlackTeam "Team A"]
[WhiteTeamCountry "IND"]
[BlackTeamCountry "SRB"]

1. e4 Nc6 2. d4 d6 3. d5 Nb8 4. c4 e5 5. Nc3 Nf6 6. h3 Be7 7. Be3 0-0 8. Qc2 Nbd7 9. 0-0-0 c6 10. g4 cxd5 11. cxd5 Nb6 12. g5 Ne8 13. h4 Bd7 14. Kb1 Rc8 15. Qd2 a6 16. h5 Nc4 17. Bxc4 Rxc4 18. Nge2 b5 19. Rdg1 b4 20. Nd1 Rxe4 21. Ng3 Rc4 22. b3 Rc8 23. f4 exf4 24. Bxf4 Nc7 25. Ne4 Bf5 26. Ndf2 Nb5 27. Kb2 Nc3 28. Ng3 Qa5 29. Ka1 Bd7 30. Nfe4 Nxd5 31. Bxd6 Bxd6 32. Nxd6 Qc7 33. Nxc8 Qe5+ 34. Qb2 Qxb2+ 35. Kxb2 Rxc8 36. Rd1 Be6 37. Rd4 Kf8 38. Re1 a5 39. g6 hxg6 40. hxg6 Rc3 41. Ne4 Rh3 42. gxf7 Bxf7 43. Ng5 Rh2+ 44. Kc1 Nf6 45. Rd8+ Be8 46. Ne6+ Kf7 47. Rd2 Rh5 48. Rc2 Rd5 49. Rc7+ Bd7 50. Rd1 Rxd1+ 51. Kxd1 Kxe6 52. Rc5 Nd5 53. Rxa5 g5 54. Ra6+ Ke5 55. Rg6 g4 56. Rg5+ Ke4 57. Ke2 Nc3+ 58. Kf2 Nxa2 59. Rg7 Be6 60. Re7 Kf5 61. Kg3 Bxb3 62. Rd7 Bc2 63. Rd5+ Ke4 64. Ra5 b3 65. Kxg4 Kd4 66. Rb5 Kc4 67. Rb8 Nb4 68. Rh8 b2 69. Rh1 Nd3 70. Kg5 Nc1 71. Rh4+ Kc3 72. Rh3+ Bd3 0-1

[Event "Belgrade Radnicki Schev"]
[Site "Belgrade"]
[Date "2023.01.27"]
[Round "3.1"]
[White "Maric, Dragan"]
[Black "Bhillva Nilaya, KEK"]
[Result "1-0"]
[WhiteElo "2008"]
[BlackElo "1659"]
[PlyCount "67"]
[EventDate "2023.01.25"]
[EventType "schev"]
[EventRounds "6"]
[EventCountry "SRB"]
[SourceTitle "CBM 212 Extra"]
[Source "ChessBase"]
[SourceDate "2023.03.31"]
[SourceVersion "1"]
[SourceVersionDate "2023.03.31"]
[SourceQuality "1"]
[WhiteTeam "Team A"]
[BlackTeam "Team B"]
[WhiteTeamCountry "SRB"]
[BlackTeamCountry "IND"]

1. d4 Nf6 2. c4 e6 3. g3 d5 4. Bg2 Bb4+ 5. Nd2 0-0 6. Ngf3 Ne4 7. 0-0 Nxd2 8. Bxd2 Be7 9. Qc2 c6 10. e4 dxe4 11. Qxe4 Nd7 12. Bc3 Nf6 13. Qe2 c5 14. Rad1 cxd4 15. Nxd4 Qc7 16. Nb5 Qb6 17. b4 e5 18. Qxe5 Qe6 19. Nc7 Qxe5 20. Bxe5 Be6 21. Nxa8 Rxa8 22. Bxb7 Re8 23. Bxf6 Bxf6 24. Bd5 Bh3 25. Rfe1 Rb8 26. a3 Kf8 27. c5 Bb2 28. Re3 Rc8 29. Bb7 Rb8 30. c6 Bf6 31. c7 Rc8 32. Bxc8 Bxc8 33. Rd8+ Bxd8 34. cxd8R# 1-0

[Event "Belgrade Radnicki Schev"]
[Site "Belgrade"]
[Date "2023.01.25"]
[Round "1.3"]
[White "Budimir, Dragan"]
[Black "Bhillva Nilaya, KEK"]
[Result "1-0"]
[WhiteElo "1927"]
[BlackElo "1659"]
[PlyCount "159"]
[EventDate "2023.01.25"]
[EventType "schev"]
[EventRounds "6"]
[EventCountry "SRB"]
[SourceTitle "CBM 212 Extra"]
[Source "ChessBase"]
[SourceDate "2023.03.31"]
[SourceVersion "1"]
[SourceVersionDate "2023.03.31"]
[SourceQuality "1"]
[WhiteTeam "Team A"]
[BlackTeam "Team B"]
[WhiteTeamCountry "SRB"]
[BlackTeamCountry "IND"]

1. e4 e5 2. Nf3 Nc6 3. Bc4 Nf6 4. d3 h6 5. c3 d6 6. Nbd2 g5 7. h3 Bg7 8. Nf1 0-0 9. Ne3 Qe8 10. Bb3 Be6 11. Bd2 Qd7 12. Bxe6 fxe6 13. Qe2 d5 14. Ng4 Qd6 15. 0-0-0 d4 16. cxd4 exd4 17. Nxf6+ Bxf6 18. Kb1 Rf7 19. Nh2 Be5 20. Ng4 Kg7 21. h4 Bf4 22. g3 Bxd2 23. Qxd2 Qe7 24. hxg5 Qxg5 25. Qxg5+ hxg5 26. Rh5 Kg6 27. Rdh1 Rg7 28. a3 Kf7 29. Rh6 Rag8 30. Rf6+ Ke7 31. Rhh6 Nd8 32. Kc2 Rf8 33. Rxf8 Kxf8 34. Ne5 Ke7 35. Kd2 Nf7 36. Nxf7 Kxf7 37. Ke2 e5 38. Rh8 Kf6 39. Ra8 a6 40. Rb8 b6 41. b4 g4 42. Ra8 Ke6 43. Rxa6 Rg8 44. Ra4 Kd6 45. b5 Rf8 46. Rc4 Rg8 47. f3 gxf3+ 48. Kxf3 Rf8+ 49. Kg2 Rf7 50. a4 Rd7 51. Rc6+ Ke7 52. g4 Kf7 53. Kg3 Re7 54. g5 Kg7 55. Kg4 Kf7 56. Kf5 Kg7 57. Re6 Rxe6 58. Kxe6 Kg6 59. Kxe5 Kxg5 60. Kxd4 Kf6 61. Kd5 Ke7 62. Kc6 Kd8 63. d4 Kc8 64. d5 Kd8 65. d6 cxd6 66. Kxd6 Ke8 67. Kc6 Ke7 68. Kxb6 Kd6 69. a5 Ke5 70. a6 Kxe4 71. a7 Kd4 72. Kc6 Ke4 73. a8Q Kd4 74. b6 Ke3 75. b7 Kd4 76. b8Q Kd3 77. Qa4 Kd2 78. Qbb3 Ke2 79. Qaa2+ Ke1 80. Qbb1# 1-0

[Event "IND-ch U15 Girls 38th"]
[Site "New Delhi"]
[Date "2022.12.03"]
[Round "9"]
[White "Tejasvee, Naresh Singh"]
[Black "Bhillva Nilaya, KEK"]
[Result "1/2-1/2"]
[WhiteElo "1328"]
[BlackElo "1819"]
[PlyCount "73"]
[EventDate "2022.11.28"]
[EventType "swiss"]
[EventRounds "11"]
[EventCountry "IND"]
[SourceTitle "CBM 211 Extra"]
[Source "ChessBase"]
[SourceDate "2023.01.31"]
[SourceVersion "1"]
[SourceVersionDate "2023.01.31"]
[SourceQuality "1"]

1. e4 e5 2. Nf3 Nc6 3. Bc4 Nf6 4. 0-0 h6 5. d4 Nxd4 6. Bxf7+ Kxf7 7. Nxe5+ Kg8 8. Qxd4 Qe8 9. Nd2 Kh7 10. Nd3 d6 11. b3 Be7 12. Bb2 Rg8 13. e5 dxe5 14. Qxe5 Bd6 15. Qxe8 Rxe8 16. Nc4 Bf8 17. Rfe1 Bf5 18. Rxe8 Rxe8 19. Re1 Rd8 20. Nce5 Nd5 21. Rd1 Nb4 22. g4 Be6 23. Rc1 Nxa2 24. Ra1 Nb4 25. Nxb4 Bxb4 26. Nd3 a5 27. h3 Bd2 28. Nc5 Bc8 29. Ne4 Kg6 30. Be5 Re8 31. Nxd2 Rxe5 32. Nc4 Re2 33. Ne3 b6 34. Rd1 Kg5 35. Kg2 Bb7+ 36. Kg3 Bc6 37. h4+ 1/2-1/2

[Event "IND-ch U15 Girls 38th"]
[Site "New Delhi"]
[Date "2022.11.30"]
[Round "4"]
[White "Jagadale, Ishwari"]
[Black "Bhillva Nilaya, KEK"]
[Result "1-0"]
[WhiteElo "1391"]
[BlackElo "1819"]
[PlyCount "95"]
[EventDate "2022.11.28"]
[EventType "swiss"]
[EventRounds "11"]
[EventCountry "IND"]
[SourceTitle "CBM 211 Extra"]
[Source "ChessBase"]
[SourceDate "2023.01.31"]
[SourceVersion "1"]
[SourceVersionDate "2023.01.31"]
[SourceQuality "1"]

1. d4 Nf6 2. c4 e6 3. Nc3 Bb4 4. Nf3 0-0 5. Bg5 d5 6. e3 b6 7. cxd5 exd5 8. Bd3 Qd6 9. Qc2 h6 10. Bf4 Qe7 11. 0-0 Bb7 12. Nb5 Nc6 13. Ne5 Nd8 14. Qxc7 Qe6 15. Qc2 Rc8 16. Qb3 a5 17. a3 Be7 18. Rac1 Nc6 19. Nxc6 Rxc6 20. Nc7 Qg4 21. Rxc6 Bxc6 22. Qxb6 Bd7 23. Qxa5 Be6 24. Nxe6 fxe6 25. h3 Qh5 26. Qc7 Qf7 27. Be5 Kh8 28. Qc2 g5 29. f4 gxf4 30. Rxf4 Kg8 31. Qf2 Qg7 32. Kh2 Qf7 33. Qg3+ Qg7 34. Qxg7+ Kxg7 35. Rg4+ Kf7 36. Rf4 Ke8 37. Bxf6 Bxf6 38. a4 e5 39. Rf5 exd4 40. exd4 Bxd4 41. Rxd5 Bxb2 42. Rb5 Bf6 43. a5 Ke7 44. a6 Rd8 45. Rb7+ Ke6 46. a7 Be5+ 47. g3 h5 48. Kg2 1-0

[Event "IND-ch U15 Girls 38th"]
[Site "New Delhi"]
[Date "2022.11.29"]
[Round "2"]
[White "Bhillva Nilaya, KEK"]
[Black "Sindhusree, K."]
[Result "1-0"]
[WhiteElo "1819"]
[BlackElo "1393"]
[PlyCount "73"]
[EventDate "2022.11.28"]
[EventType "swiss"]
[EventRounds "11"]
[EventCountry "IND"]
[SourceTitle "CBM 211 Extra"]
[Source "ChessBase"]
[SourceDate "2023.01.31"]
[SourceVersion "1"]
[SourceVersionDate "2023.01.31"]
[SourceQuality "1"]

1. e4 c5 2. c3 Nf6 3. e5 Nd5 4. Nf3 Nc6 5. Bc4 Nb6 6. Bb3 e6 7. 0-0 d5 8. exd6 Bxd6 9. d4 cxd4 10. Nxd4 Nxd4 11. Qxd4 e5 12. Qd3 0-0 13. a4 a5 14. Rd1 Be7 15. Qg3 Qc7 16. Bh6 Bf6 17. Na3 Bd7 18. Bc2 Bc6 19. Nb5 Bxb5 20. axb5 Rfe8 21. Qf3 Be7 22. Qg4 Bf8 23. Be3 Bc5 24. Bxc5 Qxc5 25. Qe4 g6 26. Qxb7 Rec8 27. Bd3 Rc7 28. b4 axb4 29. Rxa8+ Nxa8 30. Qxa8+ Rc8 31. cxb4 Qc3 32. Qe4 f5 33. Qd5+ Kh8 34. b6 e4 35. b7 Re8 36. Bc4 e3 37. Qd4+ 1-0

[Event "IND-ch U15 Girls 38th"]
[Site "New Delhi"]
[Date "2022.11.28"]
[Round "1"]
[White "Kothe, Swarali"]
[Black "Bhillva Nilaya, KEK"]
[Result "0-1"]
[WhiteElo "1254"]
[BlackElo "1819"]
[PlyCount "128"]
[EventDate "2022.11.28"]
[EventType "swiss"]
[EventRounds "11"]
[EventCountry "IND"]
[SourceTitle "CBM 211 Extra"]
[Source "ChessBase"]
[SourceDate "2023.01.31"]
[SourceVersion "1"]
[SourceVersionDate "2023.01.31"]
[SourceQuality "1"]

1. e4 e5 2. Nf3 Nc6 3. Bb5 a6 4. Ba4 Nf6 5. Qe2 b5 6. Bb3 Bc5 7. c3 d6 8. d3 h6 9. 0-0 Bg4 10. h3 Bh5 11. Be3 Bxe3 12. fxe3 0-0 13. Nbd2 Re8 14. Qf2 d5 15. Nh4 Kh7 16. exd5 Nxd5 17. Qf5+ Bg6 18. Nxg6 fxg6 19. Qe4 Nce7 20. Qxe5 Nf6 21. Qd4 Nf5 22. Qxd8 Raxd8 23. e4 Rxd3 24. exf5 Rxd2 25. fxg6+ Kxg6 26. Rf2 Ree2 27. Rxe2 Rxe2 28. Rb1 Nh5 29. Bd5 Rd2 30. Bf3 Ng3 31. Kh2 Nf5 32. Bc6 Nh4 33. Kg1 Kg5 34. Kh2 h5 35. Kg3 Nf5+ 36. Kf3 h4 37. a4 bxa4 38. Bxa4 Ng3 39. Bc6 Rd3+ 40. Kf2 Kf4 41. Bf3 Rd2+ 42. Ke1 Ke3 43. Ra1 Rf2 44. Be2 Rxe2+ 45. Kd1 Rd2+ 46. Kc1 Ne2+ 47. Kb1 Rd1+ 48. Ka2 Rxa1+ 49. Kxa1 Nf4 50. b4 Nxg2 51. c4 Nf4 52. b5 axb5 53. cxb5 Nxh3 54. Kb2 Nf2 55. Kc3 h3 56. Kc4 h2 57. Kc5 h1Q 58. b6 cxb6+ 59. Kxb6 Qd5 60. Kc7 Ne4 61. Kb6 Qc5+ 62. Kb7 Nd6+ 63. Ka6 Qb5+ 64. Ka7 Qb7# 0-1

[Event "Budapest FS08 Nadassy"]
[Site "Budapest"]
[Date "2022.08.16"]
[Round "10.4"]
[White "Velarde Ramirez, Hiram de Jesus"]
[Black "Bhillva Nilaya, KEK"]
[Result "1/2-1/2"]
[WhiteElo "2129"]
[BlackElo "1848"]
[PlyCount "115"]
[EventDate "2022.08.06"]
[EventType "tourn"]
[EventRounds "12"]
[EventCountry "HUN"]
[SourceTitle "CBM 209 Extra"]
[Source "ChessBase"]
[SourceDate "2022.09.30"]
[SourceVersion "1"]
[SourceVersionDate "2022.09.30"]
[SourceQuality "1"]
[WhiteTeam "Team Higher Elo"]
[BlackTeam "Team Lower Elo"]
[WhiteTeamCountry "HUN"]
[BlackTeamCountry "HUN"]

1. Nf3 Nf6 2. g3 e6 3. c4 d5 4. Bg2 d4 5. 0-0 c5 6. e3 Nc6 7. exd4 cxd4 8. d3 Bd6 9. Na3 0-0 10. Re1 Re8 11. Nb5 Bb8 12. Rb1 a6 13. Na3 a5 14. Nb5 e5 15. h3 h5 16. Bg5 Bf5 17. Bxf6 Qxf6 18. Nfxd4 Nxd4 19. Nxd4 Ba7 20. Nxf5 Qxf5 21. Qf3 Qg6 22. Rbd1 Rab8 23. Re4 Re6 24. Rh4 Rf6 25. Qxh5 Bxf2+ 26. Kh1 Qxh5 27. Rxh5 Bxg3 28. Rf1 Rxf1+ 29. Bxf1 Bf4 30. d4 g6 31. Rh4 g5 32. Rg4 exd4 33. h4 f6 34. hxg5 fxg5 35. Rg2 Kf7 36. Bd3 Re8 37. Re2 Rh8+ 38. Kg1 Be3+ 39. Kg2 Kf6 40. a3 Bf4 41. b4 axb4 42. axb4 g4 43. Re4 Kg5 44. Rxd4 Rh2+ 45. Kf1 g3 46. Be4 Rf2+ 47. Ke1 Be3 48. Rd7 b6 49. Bc6 Rc2 50. Bd5 Rb2 51. b5 Kf6 52. Rf7+ Ke5 53. Rg7 Kf4 54. Rf7+ Kg4 55. Bf3+ Kg5 56. Bd5 Kg4 57. Bf3+ Kg5 58. Bd5 1/2-1/2

[Event "Budapest FS08 Nadassy"]
[Site "Budapest"]
[Date "2022.08.14"]
[Round "8.6"]
[White "Juracsik, Jozsef"]
[Black "Bhillva Nilaya, KEK"]
[Result "1/2-1/2"]
[WhiteElo "1971"]
[BlackElo "1848"]
[PlyCount "132"]
[EventDate "2022.08.06"]
[EventType "tourn"]
[EventRounds "12"]
[EventCountry "HUN"]
[SourceTitle "CBM 209 Extra"]
[Source "ChessBase"]
[SourceDate "2022.09.30"]
[SourceVersion "1"]
[SourceVersionDate "2022.09.30"]
[SourceQuality "1"]
[WhiteTeam "Team Higher Elo"]
[BlackTeam "Team Lower Elo"]
[WhiteTeamCountry "HUN"]
[BlackTeamCountry "HUN"]

1. e4 c5 2. Nf3 d6 3. d4 cxd4 4. Nxd4 Nf6 5. Nc3 a6 6. h3 e5 7. Nde2 h5 8. Bg5 Be6 9. g3 Be7 10. Bg2 b5 11. Bxf6 Bxf6 12. Nd5 Nd7 13. Nec3 Bxd5 14. Nxd5 Nb6 15. h4 Rc8 16. c3 Nxd5 17. Qxd5 0-0 18. 0-0 Qb6 19. Rfd1 Rc6 20. Bf1 Rfc8 21. a3 Rd8 22. Rac1 Rc4 23. Qd3 d5 24. b4 Rc6 25. exd5 Rcd6 26. Qe4 Rc8 27. c4 bxc4 28. Rxc4 Rxc4 29. Qxc4 g6 30. a4 Bd8 31. a5 Qb7 32. Bg2 Kg7 33. Qc5 Be7 34. Re1 Rd7 35. d6 Bxd6 36. Qxd6 Qxg2+ 37. Kxg2 Rxd6 38. Rxe5 Rd4 39. b5 axb5 40. Rxb5 Ra4 41. Kf3 f5 42. Rb7+ Kh6 43. Rb5 Ra2 44. Ke3 Ra4 45. Kd3 f4 46. gxf4 Rxf4 47. a6 Ra4 48. Rb6 Rxh4 49. Ke3 Ra4 50. f4 Ra5 51. Kf3 Ra3+ 52. Kg2 Ra2+ 53. Kf3 Ra3+ 54. Ke2 Ra5 55. Kf3 Ra3+ 56. Ke4 Ra5 57. Rf6 Kg7 58. Rc6 Kh6 59. Re6 h4 60. Kf3 h3 61. Kg3 Ra3+ 62. Kh2 Kh5 63. Rb6 Kg4 64. Rxg6+ Kxf4 65. Rb6 Kg4 66. Rb4+ Kg5 1/2-1/2

[Event "Budapest FS08 Nadassy"]
[Site "Budapest"]
[Date "2022.08.13"]
[Round "7.1"]
[White "Bhillva Nilaya, KEK"]
[Black "Farago, Sandor"]
[Result "0-1"]
[WhiteElo "1848"]
[BlackElo "2123"]
[PlyCount "102"]
[EventDate "2022.08.06"]
[EventType "tourn"]
[EventRounds "12"]
[EventCountry "HUN"]
[SourceTitle "CBM 209 Extra"]
[Source "ChessBase"]
[SourceDate "2022.09.30"]
[SourceVersion "1"]
[SourceVersionDate "2022.09.30"]
[SourceQuality "1"]
[WhiteTeam "Team Lower Elo"]
[BlackTeam "Team Higher Elo"]
[WhiteTeamCountry "HUN"]
[BlackTeamCountry "HUN"]

1. e4 c5 2. c3 Nf6 3. e5 Nd5 4. Nf3 Nc6 5. Bc4 e6 6. d4 cxd4 7. cxd4 Nb6 8. Bb3 d5 9. Nc3 Be7 10. 0-0 Bd7 11. a3 Na5 12. Bc2 Rc8 13. Qd3 a6 14. Qe3 Nac4 15. Qf4 Nxa3 16. Bd3 Nb5 17. Qg4 g6 18. Nxb5 h5 19. Qg3 Bxb5 20. Rd1 Bxd3 21. Rxd3 Rc2 22. h4 Qc7 23. Bf4 Rxb2 24. Ng5 Rc2 25. Rf3 Bxg5 26. Bxg5 Nc8 27. Qf4 Rh7 28. Qf6 Ne7 29. Raa3 Ng8 30. Qf4 Rc4 31. Qd2 Ne7 32. Rfc3 Rxc3 33. Rxc3 Nc6 34. Qb2 Rh8 35. Rb3 Na5 36. Rb6 Kd7 37. Qb1 Kc8 38. Rb2 Nc4 39. Rc2 Kb8 40. Qa2 Qb6 41. Qa1 Re8 42. Qc3 Ka7 43. Rc1 a5 44. Qf3 Qc7 45. Ra1 b5 46. Qb3 Rb8 47. Rc1 Ka6 48. Be3 b4 49. Qa4 b3 50. Rb1 b2 51. Bg5 Rb4 0-1

[Event "Budapest FS08 Nadassy"]
[Site "Budapest"]
[Date "2022.08.07"]
[Round "2.6"]
[White "Bhillva Nilaya, KEK"]
[Black "Juracsik, Jozsef"]
[Result "0-1"]
[WhiteElo "1848"]
[BlackElo "1971"]
[PlyCount "168"]
[EventDate "2022.08.06"]
[EventType "tourn"]
[EventRounds "12"]
[EventCountry "HUN"]
[SourceTitle "CBM 209 Extra"]
[Source "ChessBase"]
[SourceDate "2022.09.30"]
[SourceVersion "1"]
[SourceVersionDate "2022.09.30"]
[SourceQuality "1"]
[WhiteTeam "Team Lower Elo"]
[BlackTeam "Team Higher Elo"]
[WhiteTeamCountry "HUN"]
[BlackTeamCountry "HUN"]

1. e4 c5 2. c3 Nf6 3. e5 Nd5 4. Nf3 d6 5. exd6 Qxd6 6. d4 cxd4 7. Nxd4 a6 8. Nd2 e6 9. g3 Be7 10. Bg2 0-0 11. 0-0 Nd7 12. Qe2 Nc5 13. f4 Bf6 14. N2f3 Na4 15. Kh1 b5 16. Qc2 Bd7 17. Bd2 Rac8 18. Rad1 g6 19. Bc1 Nab6 20. Qe2 Bg7 21. Ne5 Be8 22. Rfe1 Qc5 23. h3 a5 24. Nb3 Qc7 25. Nxa5 Qa7 26. Nb3 Qxa2 27. Nd4 Qa6 28. Bf1 Nc4 29. Qc2 Nxe5 30. fxe5 Qb6 31. Qb3 Rb8 32. c4 bxc4 33. Qxb6 Nxb6 34. b3 cxb3 35. Ba3 Nd5 36. Bxf8 Bxf8 37. Bc4 Nc3 38. Rc1 b2 39. Rxc3 b1Q 40. Rxb1 Rxb1+ 41. Kh2 Rb2+ 42. Be2 Bb5 43. Nxb5 Rxe2+ 44. Kh1 Rxe5 45. Nd4 Rc5 46. Rb3 Rc4 47. Nf3 Bd6 48. g4 h6 49. Kg2 Rc2+ 50. Kf1 Ra2 51. Rd3 Ra3 52. Rxd6 Rxf3+ 53. Kg2 Re3 54. h4 Kg7 55. Rd4 Kf6 56. Rf4+ Ke7 57. Rd4 Re5 58. Kf3 Rd5 59. Ra4 h5 60. g5 e5 61. Ke4 Ke6 62. Ra6+ Rd6 63. Ra4 f5+ 64. gxf6 Kxf6 65. Ke3 Rd4 66. Ra6+ Kf5 67. Ra8 Rxh4 68. Rf8+ Kg5 69. Re8 Rf4 70. Rxe5+ Kg4 71. Re6 g5 72. Rg6 h4 73. Rh6 Kg3 74. Rg6 Rf5 75. Ra6 h3 76. Ra1 h2 77. Ke4 Rf4+ 78. Ke5 Kg2 79. Ra2+ Rf2 80. Ra1 h1Q 81. Rxh1 Kxh1 82. Ke4 g4 83. Ke3 g3 84. Ke4 g2 0-1